Подготовка специалистов по автоматизации технологических процессов в организациях атомной энергетики; Физико-технические проблемы в науке, промышленности и медицине. Российский и международный опыт подготовки кадров

Detalles Bibliográficos
Parent link:Физико-технические проблемы в науке, промышленности и медицине. Российский и международный опыт подготовки кадров.— 2020.— [С. 82-83]
Autor Principal: Бадретдинов Т. Х. Тахир Ханафеевич
Autor Corporativo: Национальный исследовательский Томский политехнический университет Инженерная школа ядерных технологий Отделение ядерно-топливного цикла
Outros autores: Лопатин А. А.
Summary:Заглавие с экрана
Idioma:ruso
Publicado: 2020
Series:Математическое моделирование и автоматизация производств
Subjects:
Acceso en liña:http://earchive.tpu.ru/handle/11683/63777
Formato: MixedMaterials Electrónico Capítulo de libro
KOHA link:https://koha.lib.tpu.ru/cgi-bin/koha/opac-detail.pl?biblionumber=632238

MARC

LEADER 00000naa2a2200000 4500
001 632238
005 20260216161943.0
035 |a (RuTPU)RU\TPU\conf\33939 
035 |a RU\TPU\conf\33936 
090 |a 632238 
100 |a 20201022d2020 k y0rusy50 ca 
101 0 |a rus 
102 |a RU 
105 |a y z 101zy 
135 |a drcn ---uucaa 
181 0 |a i  
182 0 |a b 
200 1 |a Подготовка специалистов по автоматизации технологических процессов в организациях атомной энергетики  |f Т. Х. Бадретдинов, А. А. Лопатин 
203 |a Текст  |c электронный 
225 1 |a Математическое моделирование и автоматизация производств 
230 |a 1 компьютерный файл (pdf; 645 Kb) 
300 |a Заглавие с экрана 
320 |a [Библиогр.: с. 83 (1 назв.)] 
463 0 |0 (RuTPU)RU\TPU\conf\33535  |t Физико-технические проблемы в науке, промышленности и медицине. Российский и международный опыт подготовки кадров  |o сборник тезисов докладов X Международной научно-практической конференции, г. Томск, 09 – 11 сентября 2020 г.  |f Национальный исследовательский Томский политехнический университет, Инженерная школа ядерных технологий ; Российский фонд фундаментальных исследований ; ред. кол. И. В. Шаманин, В. П. Кривобоков, А. Г. Горюнов, В. А. Карелин  |v [С. 82-83]  |d 2020 
610 1 |a труды учёных ТПУ 
610 1 |a электронный ресурс 
610 1 |a подготовка специалистов 
610 1 |a автоматизация 
610 1 |a технологические процессы 
610 1 |a организации 
610 1 |a атомная энергетика 
610 1 |a лаборатории 
700 1 |a Бадретдинов  |b Т. Х.  |c специалист в области автоматического управления  |c доцент Томского политехнического университета, кандидат технических наук  |f 1959-  |g Тахир Ханафеевич  |2 stltpush  |3 (RuTPU)RU\TPU\pers\25980  |9 11829 
701 1 |a Лопатин  |b А. А. 
712 0 2 |a Национальный исследовательский Томский политехнический университет  |b Инженерная школа ядерных технологий  |b Отделение ядерно-топливного цикла  |h 7864  |2 stltpush  |3 (RuTPU)RU\TPU\col\23554 
801 2 |a RU  |b 63413507  |c 20201126  |g RCR 
856 4 |u http://earchive.tpu.ru/handle/11683/63777 
942 |c BK